| 000 | 00962cam a22002651 4500 | ||
|---|---|---|---|
| 001 | 7358224 | ||
| 003 | ARRUPE | ||
| 005 | 20160208150815.0 | ||
| 008 | 740510s1933 xx 000 0 eng | ||
| 010 | _a 34037809 | ||
| 035 | _a(OCoLC)882819 | ||
| 040 |
_aDLC _cN _dOCoLC _dDLC |
||
| 042 | _apremarc | ||
| 050 | 0 | 0 |
_aSPC DT766 _b.C45 |
| 082 | _a968 | ||
| 100 | 1 |
_aChilvers, Hedley Arthur, _d1879- _922041 |
|
| 245 | 1 | 4 |
_aThe yellow man looks on; _bbeing the story of the Anglo-Dutch conflict in Southern Africa and its interest for the peoples of Asia, _cby Hedley A. Chilvers... with a foreword by Sir Abe Bailey, bart. |
| 260 |
_aLondon [etc.] _bCassell and company, limited _c[1933] |
||
| 300 |
_axiv, 240 p. _c23 cm. |
||
| 650 | 0 |
_aAsians _zSouth Africa. _922042 |
|
| 651 | 0 |
_aSouth Africa _xHistory. _922043 |
|
| 651 | 0 |
_aSouth Africa _xPolitics and government. _922044 |
|
| 906 |
_a7 _bcbc _coclcrpl _du _encip _f19 _gy-gencatlg |
||
| 942 |
_2lcc _cMONOGRAPH |
||
| 999 |
_c124099 _d124099 |
||